Sevilla 2020's Starting XI - Statistics

General Stats
  • This quiz has been taken 1,670 times
    19 since last reset
  • The average score is 21 of 39
Answer Stats
Player % Correct
Jules Koundé
100%
Yassine Bounou
100%
Youssef En-Nesyri
100%
Lucas Ocampos
93%
Ivan Rakitić
86%
Juanlu Sánchez
86%
Juanlu Sánchez
86%
Tomáš Vaclík
86%
Marcos Acuña
79%
Nemanja Gudelj
79%
Nemanja Gudelj
79%
Odysseas Vlachodimos
79%
Ørjan Nyland
79%
Jesús Navas
71%
Papu Gómez
71%
Djibril Sow
64%
Fernando
64%
Luuk de Jong
64%
Dodi Lukebakio
57%
Loïc Bade
57%
Óliver Torres
57%
Ruben Vargas
57%
Diego Carlos
50%
Joan Jordán
50%
Suso
50%
Éver Banega
43%
Akor Adams
29%
Carmona
29%
Kike Salas
29%
Rafa Mir
29%
Sergio Ramos
29%
Érik Lamela
21%
Gabriel Suazo
21%
Isaac Romero
21%
Adrià Pedrosa
7%
Boubakary Soumaré
7%
Lucien Agoume
7%
Sergio Reguilón
7%
Batista Mendy
0%
No matching quizzes found
Score Distribution
Percent of People with Each Score
Percentile by Number Answered
Your Score History
You have not taken this quiz since the last reset